000 01011nac a22002777a 4500
001 BR0704648
003 BR-BrBNA
005 20240105123453.0
008 230509b bl.|||m| |||| 00| 0 por d
040 _aBR-BrBNA
_bpor
_cBiblioteca Nacional de Agricultura
072 _aL01
090 _a5212 BR0704648
100 1 _aSeara, C.
110 1 _aMinistério da Agricultura, Rio de Janeiro, GB (Brasil). Serviço de Documentação
_96967
245 1 _aAspectos da pecuária serrana catarinense
260 3 _aRio de Janeiro, GB (Brasil):
_c1945.
300 _a28 p.
490 _aS.D.A. - Ministério da Agricultura. Serviço de Documentação (Brazil)
_vno. 258
_x
500 _a32 ref.; Reprint of "Boletim do Ministério da Agricultura" (Apr 1944); Documento microfilmado e tratado BR7316274
650 _aPECUÁRIA
650 _aDADOS ESTATÍSTICOS
650 _aDISTRIBUIÇÃO GEOGRÁFICA
650 _aSANTA CATARINA
909 _a202312
_bLúcia Elande
_c55
_dLúcia Elande
942 _2AGRIS
_n0
_cMS
999 _c295610
_d295610